00477nam a2200193 a 4500001001300000003000900013005001700022008004100039020001300080082001500093100001400108245002500122260003000147300000900177500003500186505002700221650002100248700001400269nice12345678IN_TiNIC20260116012848.0050524s1981 u sa grp 000 0 eng  ac193.5500a248.4bWAR aWard, Ted aValues Begin at Home aU S AbVictor Booksc1981 a120p aincludes index and biblioraphy2 aGlossary, Bibliography aChristian-Family1 aWard, Ted